CHILD DEVALOPMENT AND EDUCATIONAL PSYCHOLOGY (Record no. 34219)

MARC details
000 -LEADER
fixed length control field 00279nam a22001217a 4500
003 - CONTROL NUMBER IDENTIFIER
control field SGT
082 ## - DEWEY DECIMAL CLASSIFICATION NUMBER
Classification number 370.15,YAD
100 ## - MAIN ENTRY--PERSONAL NAME
Personal name YADAV PRIYANKA
245 ## - TITLE STATEMENT
Title CHILD DEVALOPMENT AND EDUCATIONAL PSYCHOLOGY
260 ## - PUBLICATION, DISTRIBUTION, ETC. (IMPRINT)
Place of publication, distribution, etc NE DELHI
Name of publisher, distributor, etc OMEGA PUB.
Year of Publication 2026
300 ## - PAGE DESCRIPTION
No. of Pages 159
942 ## - ADDED ENTRY ELEMENTS (KOHA)
Source of classification or shelving scheme Dewey Decimal Classification
Koha item type Books
Holdings
Withdrawn status Lost status Source of classification or shelving scheme Damaged status Not for loan Collection code Home library Current library Shelving location Date acquired Vendor Name Cost, normal purchase price SGTU Total Checkouts Full call number Accession No. (Barcode) Date last seen Bill Date Koha item type
    Dewey Decimal Classification   Not For Loan EDUCATION SGT Engineering Library SGT Engineering Library Reference Book 24/02/2026 SGTU FACULTY PUBLICATINS 995.00 SGTU   370.15,YAD ED5612 24/02/2026 24/02/2026 Books